00386 a2200121 4500001001000000005001700010008004100027245008100068100002000149700002600169773005200195999001700247ART_1854320260410161703.0260409a 10aLa deducción de incobrables y su vincilación con el tratamiento contable1 aGebhardt, Jorge1 aMalvitano, Rubén H.0 tRevista Impuestosg- Nº 10 (oct. 2011)wREV639 c15325d15325